[Event "Mindsports Open 5th"]
[Site "London"]
[Date "2025.08.17"]
[Round "8.26"]
[White "Hoffman, Luc"]
[Black "Allorant, Adrien"]
[Result "1-0"]
[WhiteElo "2123"]
[BlackElo "2042"]
[PlyCount "53"]
[EventDate "2025.08.13"]
[EventType "swiss"]
[EventRounds "9"]
[EventCountry "ENG"]
[SourceTitle "BritBase"]
[Source "John Saunders"]
[SourceDate "2025.08.18"]
[SourceVersion "1"]
[SourceVersionDate "2025.08.18"]
[SourceQuality "1"]

1. e4 c5 2. Nf3 g6 3. d4 cxd4 4. Qxd4 Nf6 5. Nc3 Nc6 6. Qa4 d6 7. e5 Ng4 8. exd6 Bg7 9. h3 Nge5 10. Nxe5 Bxe5 11. dxe7 Qxe7 12. Be3 O-O 13. Nd5 Qd8 14. O-O-O Be6 15. Bc4 Bxd5 16. Bxd5 Qf6 17. c3 Rfc8 18. Qe4 a5 19. Qf3 Bxc3 20. bxc3 Qxc3+ 21. Kb1 Qb4+ 22. Bb3 Ne5 23. Qf4 Nc4 24. Rc1 b5 25. Ka1 Rab8 26. Qf6 a4 27. Bh6 1-0

[Event "Mindsports Open 5th"]
[Site "London"]
[Date "2025.08.17"]
[Round "8.27"]
[White "Sofronie, Vladimir"]
[Black "Larchikov, Maksym"]
[Result "1-0"]
[WhiteElo "2313"]
[BlackElo "2037"]
[PlyCount "113"]
[EventDate "2025.08.13"]
[EventType "swiss"]
[EventRounds "9"]
[EventCountry "ENG"]
[SourceTitle "BritBase"]
[Source "John Saunders"]
[SourceDate "2025.08.18"]
[SourceVersion "1"]
[SourceVersionDate "2025.08.18"]
[SourceQuality "1"]

1. d4 d5 2. Bf4 Nf6 3. e3 e6 4. Nd2 c5 5. c3 Nc6 6. Ngf3 Bd6 7. Bg3 O-O 8. Bb5 Be7 9. Bd3 Nh5 10. Ne5 g6 11. Qe2 Nxg3 12. hxg3 Nxe5 13. dxe5 f5 14. g4 d4 15. gxf5 exf5 16. Bc4+ Kg7 17. Qd3 b5 18. Bxb5 dxe3 19. Qxe3 f4 20. Qe2 Bf5 21. Bc4 Rb8 22. Nb3 h5 23. Rd1 Qc7 24. f3 Rfe8 25. O-O Rb6 26. e6 Bh4 27. Rd7+ Qxd7 28. exd7 Rxe2 29. Bxe2 Bxd7 30. Bc4 Bf5 31. Rd1 Be7 32. Rd2 Kh6 33. Re2 Bf8 34. Re8 Kg7 35. Bd5 Bc2 36. Rc8 Bd6 37. Rd8 Bf8 38. Rd7+ Kh6 39. Rxa7 Bxb3 40. Bxb3 c4 41. Bxc4 Rxb2 42. Rc7 Rb1+ 43. Kh2 Bg7 44. Rc6 Rc1 45. Bd3 Rxc3 46. Rxg6+ Kh7 47. Be4 Kh8 48. Rg5 Bd4 49. Rxh5+ Kg7 50. Rg5+ Kh6 51. Ra5 Rc5 52. Rxc5 Bxc5 53. g3 Kg5 54. g4 Ba3 55. Kg2 Kf6 56. Kf2 Ke5 57. g5 1-0

[Event "Mindsports Open 5th"]
[Site "London"]
[Date "2025.08.17"]
[Round "8.28"]
[White "Pereslavtsev, Alexandr"]
[Black "Li, Harry"]
[Result "0-1"]
[WhiteElo "2079"]
[BlackElo "2242"]
[PlyCount "76"]
[EventDate "2025.08.13"]
[EventType "swiss"]
[EventRounds "9"]
[EventCountry "ENG"]
[SourceTitle "BritBase"]
[Source "John Saunders"]
[SourceDate "2025.08.18"]
[SourceVersion "1"]
[SourceVersionDate "2025.08.18"]
[SourceQuality "1"]

1. d4 d5 2. c4 e6 3. Nc3 Nf6 4. cxd5 exd5 5. Bg5 Bb4 6. e3 h6 7. Bh4 g5 8. Bg3 Ne4 9. a3 Bxc3+ 10. bxc3 Nc6 11. Qc2 Bf5 12. Bd3 Qe7 13. Ne2 O-O-O 14. O-O Kb8 15. Rfe1 h5 16. f3 Nxg3 17. Nxg3 Bxd3 18. Qxd3 Qd7 19. e4 Ne7 20. exd5 Nxd5 21. Rab1 b6 22. Rbd1 h4 23. Ne4 Nf4 24. Qa6 f5 25. Nd2 g4 26. Re5 Rhg8 27. Nb3 Ka8 28. Rb1 gxf3 29. Ra5 Nh3+ 30. Kf1 fxg2+ 31. Ke2 c6 32. Qxb6 g1=Q 33. Rxg1 Nxg1+ 34. Kf1 f4 35. Nc5 Qh3+ 36. Ke1 Qxc3+ 37. Kf1 Qf3+ 38. Ke1 Qe2# 0-1

[Event "Mindsports Open 5th"]
[Site "London"]
[Date "2025.08.17"]
[Round "8.29"]
[White "Sachdeva, Ronit"]
[Black "Gurevich, Artem"]
[Result "1/2-1/2"]
[WhiteElo "2058"]
[BlackElo "2183"]
[PlyCount "71"]
[EventDate "2025.08.13"]
[EventType "swiss"]
[EventRounds "9"]
[EventCountry "ENG"]
[SourceTitle "BritBase"]
[Source "John Saunders"]
[SourceDate "2025.08.18"]
[SourceVersion "1"]
[SourceVersionDate "2025.08.18"]
[SourceQuality "1"]

1. e4 c6 2. d4 d5 3. e5 c5 4. Nf3 cxd4 5. Qxd4 Nc6 6. Qf4 f6 7. Bb5 Qc7 8. O-O g5 9. Qa4 g4 10. Nd4 fxe5 11. Nxc6 bxc6 12. Bxc6+ Bd7 13. Bxd7+ Qxd7 14. Qxd7+ Kxd7 15. c4 e6 16. Nc3 Kc6 17. Rd1 Rd8 18. Bg5 Be7 19. Bxe7 Nxe7 20. Rac1 Kb7 21. Na4 Kb8 22. Nc5 Rd6 23. Nd3 Nc6 24. c5 Rd7 25. b4 Rb7 26. a3 a5 27. Rb1 e4 28. Nf4 axb4 29. axb4 Nxb4 30. Nxe6 Rc8 31. Rd4 Nd3 32. Rxb7+ Kxb7 33. Rxd5 Kc6 34. Rd8 Rxd8 35. Nxd8+ Kxc5 36. Ne6+ 1/2-1/2

[Event "Mindsports Open 5th"]
[Site "London"]
[Date "2025.08.17"]
[Round "8.30"]
[White "Bonn, Thomas"]
[Black "Bharat Kumar, Balahari"]
[Result "0-1"]
[WhiteElo "2173"]
[BlackElo "2052"]
[PlyCount "46"]
[EventDate "2025.08.13"]
[EventType "swiss"]
[EventRounds "9"]
[EventCountry "ENG"]
[SourceTitle "BritBase"]
[Source "John Saunders"]
[SourceDate "2025.08.18"]
[SourceVersion "1"]
[SourceVersionDate "2025.08.18"]
[SourceQuality "1"]

1. e4 c5 2. Nf3 d6 3. d4 cxd4 4. Nxd4 Nf6 5. Nc3 a6 6. Bg5 e6 7. f4 Be7 8. Qf3 Qc7 9. O-O-O Nbd7 10. g4 b5 11. Bxf6 Nxf6 12. g5 Nd7 13. f5 O-O 14. f6 gxf6 15. gxf6 Nxf6 16. Bd3 Bd7 17. e5 dxe5 18. Ne4 Nxe4 19. Bxe4 f5 20. Bxa8 exd4 21. Rhg1+ Kh8 22. Rd3 Bf6 23. Qh3 Qf4+ 0-1

[Event "Mindsports Open 5th"]
[Site "London"]
[Date "2025.08.17"]
[Round "8.31"]
[White "Leung, Hao Ran"]
[Black "Carroll, Peter"]
[Result "1-0"]
[WhiteElo "1915"]
[BlackElo "2167"]
[PlyCount "85"]
[EventDate "2025.08.13"]
[EventType "swiss"]
[EventRounds "9"]
[EventCountry "ENG"]
[SourceTitle "BritBase"]
[Source "John Saunders"]
[SourceDate "2025.08.18"]
[SourceVersion "1"]
[SourceVersionDate "2025.08.18"]
[SourceQuality "1"]

1. Nf3 d5 2. g3 c5 3. Bg2 Nf6 4. O-O h6 5. c4 d4 6. e3 Nc6 7. exd4 cxd4 8. d3 e6 9. Bf4 Nd7 10. Re1 g5 11. Bd2 Nc5 12. Bf1 a5 13. Na3 Bg7 14. Nc2 O-O 15. b4 axb4 16. Nxb4 Re8 17. Nxc6 bxc6 18. Ne5 Qc7 19. f4 f6 20. Qh5 Bb7 21. Ng4 Qf7 22. Nxh6+ Bxh6 23. Qxh6 gxf4 24. Qxf4 e5 25. Qf3 f5 26. Bh3 e4 27. Qxf5 Qxf5 28. Bxf5 Nxd3 29. Rxe4 Ne5 30. Bf4 Nf3+ 31. Kf2 c5 32. Rxe8+ Rxe8 33. Rb1 Ba8 34. Rb8 Rxb8 35. Bxb8 Nxh2 36. Bd6 Kf7 37. Bh3 d3 38. Bxc5 Bf3 39. Ke3 Be2 40. Bd6 Nf3 41. c5 Ng5 42. Bf5 Ne6 43. Bxd3 1-0

[Event "Mindsports Open 5th"]
[Site "London"]
[Date "2025.08.17"]
[Round "8.32"]
[White "Roe, Simon J"]
[Black "Avadhoot, Lokesh Bhakti Brahm"]
[Result "0-1"]
[WhiteElo "2160"]
[BlackElo "2049"]
[PlyCount "80"]
[EventDate "2025.08.13"]
[EventType "swiss"]
[EventRounds "9"]
[EventCountry "ENG"]
[SourceTitle "BritBase"]
[Source "John Saunders"]
[SourceDate "2025.08.18"]
[SourceVersion "1"]
[SourceVersionDate "2025.08.18"]
[SourceQuality "1"]

1. c4 c5 2. Nf3 Nc6 3. Nc3 e5 4. g3 f5 5. d3 Nf6 6. Bg2 Be7 7. O-O O-O 8. Bg5 d6 9. a3 Be6 10. Ne1 Rb8 11. Rb1 h6 12. Bxf6 Bxf6 13. Nd5 Ne7 14. b4 Nxd5 15. cxd5 Bf7 16. Nc2 cxb4 17. axb4 Qd7 18. Ne3 b5 19. Nc2 Bd8 20. e4 Bb6 21. Qd2 Bg6 22. Kh1 f4 23. gxf4 Rxf4 24. f3 Rbf8 25. d4 Bh5 26. dxe5 dxe5 27. Ne1 Qd6 28. Qe2 Qg6 29. Nd3 Rh4 30. Nc5 Qg3 31. h3 Bxf3 32. Rxf3 Rxf3 33. Qxf3 Rxh3+ 34. Bxh3 Qxf3+ 35. Bg2 Qh5+ 36. Kg1 a5 37. Kf1 axb4 38. Nd3 Qh2 39. Ne1 Qg1+ 40. Ke2 Qf2+ 0-1

[Event "Mindsports Open 5th"]
[Site "London"]
[Date "2025.08.17"]
[Round "8.33"]
[White "Choong, Han-Sen"]
[Black "White, Stuart A"]
[Result "1-0"]
[WhiteElo "1836"]
[BlackElo "2095"]
[PlyCount "105"]
[EventDate "2025.08.13"]
[EventType "swiss"]
[EventRounds "9"]
[EventCountry "ENG"]
[SourceTitle "BritBase"]
[Source "John Saunders"]
[SourceDate "2025.08.18"]
[SourceVersion "1"]
[SourceVersionDate "2025.08.18"]
[SourceQuality "1"]

1. d4 Nf6 2. c4 e6 3. g3 d5 4. Bg2 dxc4 5. Qa4+ Nbd7 6. Qxc4 c5 7. Nf3 a6 8. Qb3 cxd4 9. Nxd4 Nc5 10. Qe3 Nd5 11. Qd2 b5 12. Nc3 Bb7 13. Nxd5 Bxd5 14. Nc6 Qd6 15. Bxd5 exd5 16. Nd4 Ne4 17. Qd1 Qb4+ 18. Kf1 Rc8 19. Nb3 Be7 20. Be3 O-O 21. Kg2 Rfd8 22. Bb6 Rd6 23. Bd4 Rdc6 24. f3 Nf6 25. Bc3 Qd6 26. Nd4 Rc4 27. a3 Qb6 28. Nf5 Qe6 29. Qd3 Bf8 30. Rhe1 h5 31. Rac1 g6 32. Ne3 R4c6 33. Nc2 Rc4 34. Ne3 R4c6 35. Rcd1 h4 36. Nc2 h3+ 37. Kf2 Rc4 38. e3 a5 39. Nd4 Qb6 40. Nxb5 Ne4+ 41. fxe4 Qxb5 42. Qxd5 R8c5 43. Qa8 Rc8 44. Qxa5 Qxa5 45. Bxa5 Rc2+ 46. Re2 Rxe2+ 47. Kxe2 Rc2+ 48. Rd2 Rc1 49. Bc3 g5 50. Kf3 Bc5 51. Kg4 Bxe3 52. Rd8+ Kh7 53. Kh5 1-0

[Event "Mindsports Open 5th"]
[Site "London"]
[Date "2025.08.17"]
[Round "8.34"]
[White "Beerdsen, Thomas"]
[Black "Zhou, Yang-Fan"]
[Result "1-0"]
[WhiteElo "2513"]
[BlackElo "2406"]
[PlyCount "63"]
[EventDate "2025.08.13"]
[EventType "swiss"]
[EventRounds "9"]
[EventCountry "ENG"]
[SourceTitle "BritBase"]
[Source "John Saunders"]
[SourceDate "2025.08.18"]
[SourceVersion "1"]
[SourceVersionDate "2025.08.18"]
[SourceQuality "1"]

1. e4 c5 2. Nf3 d6 3. d4 cxd4 4. Nxd4 Nf6 5. Nc3 a6 6. Bg5 Nbd7 7. Bc4 Qb6 8. Bb3 e6 9. Be3 Nc5 10. f3 Qc7 11. g4 b5 12. a3 Rb8 13. Qd2 Nxb3 14. cxb3 Bb7 15. g5 Nh5 16. O-O-O b4 17. axb4 d5 18. Nc2 dxe4 19. Bb6 Qc8 20. fxe4 Bxe4 21. Nxe4 Rxb6 22. Rhf1 Qc7 23. Qf2 Bxb4 24. Kb1 O-O 25. Qh4 Qb7 26. Nf6+ Nxf6 27. gxf6 Rc8 28. Rg1 g6 29. Nxb4 Rxb4 30. Qh6 Qe4+ 31. Rd3 Qxd3+ 32. Ka1 1-0

[Event "Mindsports Open 5th"]
[Site "London"]
[Date "2025.08.17"]
[Round "8.35"]
[White "Hng, Mei-Xian Eunice"]
[Black "Bin-Suhayl, Ieysaa"]
[Result "0-1"]
[WhiteElo "2052"]
[BlackElo "2217"]
[PlyCount "112"]
[EventDate "2025.08.13"]
[EventType "swiss"]
[EventRounds "9"]
[EventCountry "ENG"]
[SourceTitle "BritBase"]
[Source "John Saunders"]
[SourceDate "2025.08.18"]
[SourceVersion "1"]
[SourceVersionDate "2025.08.18"]
[SourceQuality "1"]

1. e4 c5 2. d4 cxd4 3. c3 dxc3 4. Nxc3 Nc6 5. Bc4 e6 6. Nf3 Bb4 7. O-O Nge7 8. Qe2 O-O 9. Rd1 Ng6 10. Bg5 Be7 11. Be3 a6 12. Na4 b5 13. Nb6 Rb8 14. Nxc8 Qxc8 15. Bd3 Qb7 16. Rac1 Rfd8 17. Nd2 Nge5 18. Bb1 d6 19. f4 Nd7 20. e5 dxe5 21. Be4 Rbc8 22. Nb3 Nf6 23. Na5 Nd4 24. Bxh7+ Nxh7 25. Bxd4 Qd5 26. Rxc8 Rxc8 27. Qxe5 Nf6 28. Qxd5 Nxd5 29. g3 Rc2 30. Nb3 Nb4 31. Rc1 Re2 32. a3 Nc2 33. Bc3 Bf6 34. Bxf6 gxf6 35. Nc5 Nd4 36. Nxa6 Rxb2 37. Rc8+ Kg7 38. h4 Ne2+ 39. Kf2 Nxf4+ 40. Kf3 Nd5 41. Nc5 Ra2 42. Rb8 Rxa3+ 43. Kf2 b4 44. Rb7 Kg6 45. Ne4 Ra2+ 46. Kf3 f5 47. Nd6 e5 48. Nxf5 Kxf5 49. Rxf7+ Ke6 50. Rb7 Ra3+ 51. Kg4 Nf6+ 52. Kh3 b3 53. Rb6+ Kf5 54. h5 Ng4 55. Rb8 Ra1 56. Rxb3 Ra2 0-1

[Event "Mindsports Open 5th"]
[Site "London"]
[Date "2025.08.17"]
[Round "8.36"]
[White "Lishoy Gengis Paratazham, Dildarav"]
[Black "Patel, Zain"]
[Result "1/2-1/2"]
[WhiteElo "2093"]
[BlackElo "2048"]
[PlyCount "56"]
[EventDate "2025.08.13"]
[EventType "swiss"]
[EventRounds "9"]
[EventCountry "ENG"]
[SourceTitle "BritBase"]
[Source "John Saunders"]
[SourceDate "2025.08.18"]
[SourceVersion "1"]
[SourceVersionDate "2025.08.18"]
[SourceQuality "1"]

1. Nf3 Nf6 2. g3 b6 3. Bg2 Bb7 4. O-O c5 5. d3 d5 6. Nbd2 g6 7. c3 Bg7 8. Qc2 O-O 9. e4 Nc6 10. a3 Rc8 11. Re1 d4 12. Rb1 dxc3 13. bxc3 Ba6 14. Nc4 b5 15. Nb2 b4 16. axb4 cxb4 17. c4 Nd7 18. Be3 Nde5 19. Nxe5 Bxe5 20. Na4 Bb7 21. Red1 a5 22. f4 Bd4 23. Bf2 Bxf2+ 24. Qxf2 Qd4 25. e5 Rc7 26. Rd2 Rd8 27. h3 Bc8 28. Nb6 e6 1/2-1/2

[Event "Mindsports Open 5th"]
[Site "London"]
[Date "2025.08.17"]
[Round "8.38"]
[White "Oleszczuk, Artur"]
[Black "Lochte, Thomas"]
[Result "1-0"]
[WhiteElo "1868"]
[BlackElo "2023"]
[PlyCount "51"]
[EventDate "2025.08.13"]
[EventType "swiss"]
[EventRounds "9"]
[EventCountry "ENG"]
[SourceTitle "BritBase"]
[Source "John Saunders"]
[SourceDate "2025.08.18"]
[SourceVersion "1"]
[SourceVersionDate "2025.08.18"]
[SourceQuality "1"]

1. e4 e5 2. Nf3 Nc6 3. Bc4 Nf6 4. Ng5 d5 5. exd5 Nd4 6. c3 b5 7. Bf1 Nxd5 8. cxd4 Qxg5 9. Bxb5+ Kd8 10. O-O Bb7 11. Qf3 Rb8 12. dxe5 Nb4 13. d4 Qg6 14. Qh3 Bc8 15. Qg3 Rxb5 16. Nc3 Ra5 17. Bd2 Nc2 18. Rac1 Nxd4 19. Qh4+ Ke8 20. Qxd4 Bh3 21. Qe4 Bf5 22. Qa8+ Kd7 23. Nd5 Rxd5 24. Qxd5+ Ke8 25. Rxc7 Be7 26. Qb5+ 1-0

[Event "Mindsports Open 5th"]
[Site "London"]
[Date "2025.08.17"]
[Round "8.39"]
[White "Rice, Leah"]
[Black "Ding, Yicheng"]
[Result "1-0"]
[WhiteElo "1979"]
[BlackElo "1793"]
[PlyCount "119"]
[EventDate "2025.08.13"]
[EventType "swiss"]
[EventRounds "9"]
[EventCountry "ENG"]
[SourceTitle "BritBase"]
[Source "John Saunders"]
[SourceDate "2025.08.18"]
[SourceVersion "1"]
[SourceVersionDate "2025.08.18"]
[SourceQuality "1"]

1. d4 Nf6 2. c4 e6 3. Nc3 Bb4 4. e3 O-O 5. Bd3 c5 6. Nf3 b6 7. O-O Bb7 8. Qe2 Bxc3 9. bxc3 Ne4 10. Bxe4 Bxe4 11. Nd2 Bb7 12. e4 d6 13. d5 Qe7 14. Re1 Nd7 15. f4 Rae8 16. Qd3 Ba6 17. Qg3 f6 18. a4 Qf7 19. a5 Bc8 20. axb6 Nxb6 21. dxe6 Bxe6 22. f5 Bxc4 23. Qxd6 Rc8 24. Nxc4 Nxc4 25. Qa6 Rc7 26. Bf4 Ne5 27. Bxe5 fxe5 28. Qd6 Re8 29. Red1 c4 30. Ra5 Qe7 31. Qd5+ Qf7 32. Qxf7+ Kxf7 33. Rda1 Ree7 34. R1a4 Kf6 35. h4 Kf7 36. Rb4 Rc6 37. Rbb5 Kf6 38. Rc5 Rb6 39. Rxc4 Rb1+ 40. Kh2 Rd7 41. Rc6+ Kf7 42. Rca6 Rbb7 43. Rxe5 Rd2 44. Rc5 Re2 45. e5 Re7 46. e6+ Kf6 47. Rca5 Re3 48. Rxa7 Rxc3 49. Rxe7 Kxe7 50. Ra7+ Kf8 51. Rf7+ Kg8 52. h5 Re3 53. Rb7 Kf8 54. h6 gxh6 55. Rxh7 Re5 56. g4 Re4 57. Kg3 Re3+ 58. Kf4 Rh3 59. f6 Rh1 60. Rh8# 1-0

[Event "Mindsports Open 5th"]
[Site "London"]
[Date "2025.08.17"]
[Round "8.40"]
[White "Wang, Luoke"]
[Black "Mittal, Aditya"]
[Result "0-1"]
[WhiteElo "1944"]
[BlackElo "1927"]
[PlyCount "104"]
[EventDate "2025.08.13"]
[EventType "swiss"]
[EventRounds "9"]
[EventCountry "ENG"]
[SourceTitle "BritBase"]
[Source "John Saunders"]
[SourceDate "2025.08.18"]
[SourceVersion "1"]
[SourceVersionDate "2025.08.18"]
[SourceQuality "1"]

1. d4 Nf6 2. c4 e6 3. Nc3 Bb4 4. f3 c5 5. d5 b5 6. e4 d6 7. Bd2 Bxc3 8. Bxc3 O-O 9. Bd3 bxc4 10. Bxc4 Ba6 11. Bxa6 Nxa6 12. Qd3 Nb4 13. Bxb4 cxb4 14. dxe6 fxe6 15. Ne2 Qb6 16. O-O-O d5 17. exd5 Nxd5 18. Kb1 Ne3 19. Rc1 Nxg2 20. Rhg1 Nf4 21. Nxf4 Rxf4 22. Rg3 Rd8 23. Qe2 Qd6 24. Rcg1 Rf7 25. f4 Qd5 26. Rg5 Qd3+ 27. Qxd3 Rxd3 28. Re5 Rd6 29. Re4 Rb7 30. Rc1 Kf7 31. Rcc4 Rdb6 32. b3 a5 33. Re5 Rb5 34. Rc7+ Rxc7 35. Rxb5 Ra7 36. Kc2 Ke7 37. Kd3 Kd6 38. Kd4 Kc6 39. Kc4 Rf7 40. Rxa5 Rxf4+ 41. Kd3 Rh4 42. Rg5 g6 43. Rg2 Kd5 44. Ke3 Rh3+ 45. Kd2 e5 46. Rf2 Kd4 47. Rg2 e4 48. Re2 e3+ 49. Kc2 Rf3 50. h4 Rf2 51. Kd1 Kd3 52. Re1 Rxa2 0-1

[Event "Mindsports Open 5th"]
[Site "London"]
[Date "2025.08.17"]
[Round "8.41"]
[White "Kilambi, Venkata Ananth Aksh"]
[Black "Fil, Alkim Alper"]
[Result "1-0"]
[WhiteElo "1936"]
[BlackElo "1900"]
[PlyCount "125"]
[EventDate "2025.08.13"]
[EventType "swiss"]
[EventRounds "9"]
[EventCountry "ENG"]
[SourceTitle "BritBase"]
[Source "John Saunders"]
[SourceDate "2025.08.18"]
[SourceVersion "1"]
[SourceVersionDate "2025.08.18"]
[SourceQuality "1"]

1. Nf3 c5 2. b3 Nc6 3. Bb2 d6 4. d4 cxd4 5. Nxd4 Nf6 6. c4 g6 7. Nc3 Bg7 8. e3 O-O 9. Be2 Bd7 10. O-O Qa5 11. Qd2 Rfc8 12. Rfd1 Qd8 13. Rac1 h5 14. h3 Kh7 15. Nf3 Qh8 16. Ng5+ Kg8 17. Bf3 Rab8 18. Ba1 Ne5 19. Be2 Rc5 20. f4 Nc6 21. Na4 Ra5 22. Bc3 Rxg5 23. fxg5 Ne4 24. Bxg7 Qxg7 25. Qd5 Ng3 26. Bf1 Ne5 27. Qa5 h4 28. Nc3 Qh7 29. Nd5 Qh5 30. Nxe7+ Kh7 31. Qxa7 Re8 32. Nd5 Nf3+ 33. Kf2 Ne4+ 34. Ke2 Ng1+ 35. Kd3 Bf5 36. Kc2 Nf2+ 37. Kb2 Nxd1+ 38. Ka3 Qxg5 39. Rxd1 Be4 40. Qxb7 Kg7 41. Qa7 Bxg2 42. Qd4+ Re5 43. Bxg2 Qxg2 44. Qxh4 g5 45. Qg4 Qxg4 46. hxg4 Ne2 47. Rd2 Ng3 48. b4 Ne4 49. Rd4 Re8 50. Kb3 Nf6 51. Nxf6 Rxe3+ 52. Ka4 Kxf6 53. Rxd6+ Ke5 54. c5 Re4 55. Rd7 Ke6 56. c6 Rxg4 57. Rd1 Rc4 58. Kb5 Rc2 59. Kb6 Rxa2 60. c7 Rc2 61. Kb7 g4 62. c8=Q+ Rxc8 63. Kxc8 1-0

[Event "Mindsports Open 5th"]
[Site "London"]
[Date "2025.08.17"]
[Round "8.42"]
[White "Wastney, Dylan"]
[Black "Sajanani, Vikas"]
[Result "0-1"]
[WhiteElo "1981"]
[BlackElo "1892"]
[PlyCount "92"]
[EventDate "2025.08.13"]
[EventType "swiss"]
[EventRounds "9"]
[EventCountry "ENG"]
[SourceTitle "BritBase"]
[Source "John Saunders"]
[SourceDate "2025.08.18"]
[SourceVersion "1"]
[SourceVersionDate "2025.08.18"]
[SourceQuality "1"]

1. e4 c6 2. Nc3 d5 3. Nf3 Bg4 4. h3 Bxf3 5. Qxf3 e6 6. d3 Qb6 7. Be2 d4 8. Nd1 Ne7 9. O-O Nd7 10. a4 Ng6 11. Qg3 a5 12. b3 e5 13. Bg4 Qc7 14. h4 Nf6 15. h5 Nf4 16. Qf3 Nxg4 17. Qxg4 Qd7 18. Qxd7+ Kxd7 19. Bxf4 exf4 20. Nb2 b5 21. f3 g6 22. Kf2 Bb4 23. g3 fxg3+ 24. Kxg3 gxh5 25. Kf4 Ke6 26. e5 f5 27. Rf2 Bc3 28. Rb1 Rhg8 29. Nd1 Be1 30. c3 Rg1 31. Rbb2 dxc3 32. Rbc2 Bxf2 33. Nxf2 Rg2 34. Ke3 f4+ 35. Kxf4 h4 36. Rxc3 Rxf2 37. Rxc6+ Ke7 38. Rc7+ Ke6 39. Rc6+ Kd5 40. axb5 Rf8+ 41. Kg4 R2xf3 42. e6 Rxd3 43. e7 Re8 44. Rc7 Rxb3 45. Rb7 Kc5 46. Kxh4 Rxb5 0-1

[Event "Mindsports Open 5th"]
[Site "London"]
[Date "2025.08.17"]
[Round "8.43"]
[White "Bevis, Noah"]
[Black "Ding, Yiwen"]
[Result "1/2-1/2"]
[WhiteElo "1966"]
[BlackElo "1844"]
[PlyCount "210"]
[EventDate "2025.08.13"]
[EventType "swiss"]
[EventRounds "9"]
[EventCountry "ENG"]
[SourceTitle "BritBase"]
[Source "John Saunders"]
[SourceDate "2025.08.18"]
[SourceVersion "1"]
[SourceVersionDate "2025.08.18"]
[SourceQuality "1"]

1. d4 d5 2. Bf4 c5 3. e3 Nc6 4. c3 Qb6 5. Qc2 Nf6 6. Nd2 g6 7. Ngf3 Bg7 8. h3 O-O 9. Be2 Bf5 10. Qb3 Ne4 11. g4 Nxd2 12. Nxd2 Bc8 13. Qxb6 axb6 14. Bc7 cxd4 15. exd4 e5 16. dxe5 Bxe5 17. Bxe5 Nxe5 18. a3 Be6 19. f4 Nc4 20. Nxc4 dxc4 21. O-O-O Rad8 22. Bf3 Rd7 23. Rxd7 Bxd7 24. Bxb7 Re8 25. Kd2 Ba4 26. Re1 Rd8+ 27. Ke2 Rd3 28. Bf3 Kg7 29. Kf2 Rd2+ 30. Re2 Rd3 31. h4 h6 32. Be4 Rh3 33. Kg2 Rxh4 34. Kg3 g5 35. Rd2 f6 36. Rd6 h5 37. Bf3 hxg4 38. fxg5 fxg5 39. Bxg4 Rh6 40. Rd5 Kf6 41. Rd4 Bb3 42. Be2 b5 43. Bf3 Ba4 44. Rd7 Rh8 45. Rd6+ Kf7 46. Bc6 Rb8 47. Bd5+ Ke7 48. Re6+ Kd7 49. Rg6 Kc7 50. Rc6+ Kd7 51. Ra6 Rd8 52. Bxc4 bxc4 53. Rxa4 Rc8 54. Kg4 Rc5 55. Rb4 Kc7 56. a4 Kc6 57. Rb8 Ra5 58. Rb4 Rc5 59. a5 Rxa5 60. Rxc4+ Kb6 61. b4 Re5 62. Rd4 Kb5 63. Rd8 Kc4 64. Rc8+ Kb5 65. Rg8 Re1 66. Rxg5+ Kb6 67. Rc5 Re3 68. Kf4 Re1 69. Rc8 Re2 70. c4 Re1 71. b5 Re6 72. Kf5 Re1 73. Rc6+ Kb7 74. Re6 Rc1 75. Rc6 Re1 76. Rc5 Kb6 77. Re5 Rc1 78. Re4 Kc5 79. Ke6 Rd1 80. Kf5 Rf1+ 81. Rf4 Re1 82. Kg4 Re7 83. Kf3 Re8 84. Re4 Rf8+ 85. Ke3 Rd8 86. Kf4 Rf8+ 87. Ke5 Re8+ 88. Kf5 Rf8+ 89. Kg6 Rf2 90. Kg5 Rf1 91. Rf4 Rg1+ 92. Kf6 Re1 93. Kf5 Re2 94. Re4 Rf2+ 95. Ke6 Rd2 96. Ke7 Rd1 97. Rh4 Rd2 98. Ke8 Rd1 99. Rh2 Kxc4 100. Rb2 Kc3 101. b6 Kxb2 102. b7 Re1+ 103. Kd8 Rd1+ 104. Kc7 Rc1+ 105. Kb6 Kc3 1/2-1/2

[Event "Mindsports Open 5th"]
[Site "London"]
[Date "2025.08.17"]
[Round "8.44"]
[White "Li, Harvey"]
[Black "Mokhber-Garcia, Sebastian"]
[Result "0-1"]
[WhiteElo "1870"]
[BlackElo "1962"]
[PlyCount "78"]
[EventDate "2025.08.13"]
[EventType "swiss"]
[EventRounds "9"]
[EventCountry "ENG"]
[SourceTitle "BritBase"]
[Source "John Saunders"]
[SourceDate "2025.08.18"]
[SourceVersion "1"]
[SourceVersionDate "2025.08.18"]
[SourceQuality "1"]

1. d4 Nf6 2. c4 e6 3. Nc3 Bb4 4. e3 b6 5. Nge2 Bb7 6. a3 Be7 7. Ng3 h5 8. d5 h4 9. Nge4 Nxe4 10. Nxe4 a5 11. Nc3 Na6 12. e4 Nc5 13. Be3 e5 14. Bd3 h3 15. g3 Bg5 16. Bxc5 bxc5 17. Qg4 d6 18. f4 exf4 19. gxf4 Bf6 20. Kd2 Rh4 21. Qg3 Rxf4 22. Nb5 Be5 23. Rae1 Qf6 24. Qxh3 Bc8 25. Qh5 Ke7 26. Rhg1 Rh4 27. Qe2 Qf4+ 28. Kc2 Bg4 29. Qd2 Rxh2 30. Rg2 Rxg2 31. Qxg2 Rh8 32. Kb3 Rh2 33. Qf1 Rf2 34. Qh1 Qg3 35. Ka4 Rxb2 36. Qg1 Qxd3 37. Rc1 Bd7 38. Rc3 Bxb5+ 39. cxb5 Qxb5# 0-1

[Event "Mindsports Open 5th"]
[Site "London"]
[Date "2025.08.17"]
[Round "8.45"]
[White "Aleksenko, Maksim"]
[Black "Golub, Nikolina"]
[Result "0-1"]
[WhiteElo "1893"]
[BlackElo "1933"]
[PlyCount "64"]
[EventDate "2025.08.13"]
[EventType "swiss"]
[EventRounds "9"]
[EventCountry "ENG"]
[SourceTitle "BritBase"]
[Source "John Saunders"]
[SourceDate "2025.08.18"]
[SourceVersion "1"]
[SourceVersionDate "2025.08.18"]
[SourceQuality "1"]

1. e4 c5 2. Nf3 d6 3. d4 cxd4 4. Nxd4 Nf6 5. Nc3 g6 6. Be3 Nc6 7. f3 h5 8. Qd2 Nxd4 9. Qxd4 Bg7 10. O-O-O O-O 11. Qd2 Be6 12. Be2 a6 13. g4 hxg4 14. fxg4 Bxg4 15. h4 Bxe2 16. Qxe2 Nh5 17. Rhg1 e6 18. e5 Qxh4 19. exd6 Nf6 20. Bg5 Bh6 21. Qe5 Bxg5+ 22. Rxg5 Nd7 23. Qe3 Kg7 24. Rdg1 Rh8 25. Nd5 exd5 26. Qe7 Qf4+ 27. Kb1 Qf6 28. Rxd5 Qxe7 29. dxe7 Nf6 30. Re5 Rae8 31. Rd1 Ng8 32. Rd8 Rh1+ 0-1

[Event "Mindsports Open 5th"]
[Site "London"]
[Date "2025.08.17"]
[Round "8.46"]
[White "Ganguly, Aryaman"]
[Black "White, Chris"]
[Result "1-0"]
[WhiteElo "1824"]
[BlackElo "1817"]
[PlyCount "63"]
[EventDate "2025.08.13"]
[EventType "swiss"]
[EventRounds "9"]
[EventCountry "ENG"]
[SourceTitle "BritBase"]
[Source "John Saunders"]
[SourceDate "2025.08.18"]
[SourceVersion "1"]
[SourceVersionDate "2025.08.18"]
[SourceQuality "1"]

1. e4 e6 2. d4 d5 3. e5 c5 4. c3 Nc6 5. Nf3 Nge7 6. a3 Nf5 7. b4 cxd4 8. cxd4 Bd7 9. Nc3 Rc8 10. Bb2 a5 11. b5 Na7 12. Bd3 Nh4 13. O-O Nxf3+ 14. Qxf3 Qh4 15. Qe3 Be7 16. f4 O-O 17. Rf3 g5 18. Rg3 f5 19. exf6 Bxf6 20. Ne2 g4 21. h3 h5 22. hxg4 hxg4 23. Qf3 e5 24. Qxd5+ Rf7 25. fxe5 Re8 26. exf6 Be6 27. Qc5 Rxf6 28. Bc1 Rf1+ 29. Kxf1 Qh1+ 30. Kf2 Rf8+ 31. Bf4 Qxa1 32. Qg5+ 1-0